000
00297nam a22001337a 4500
008
181206b xxu||||| |||| 00| 0 eng d
020
_a
9780871203427
041
_a
eng
080
_a
370
100
_a
47
101
_a
EDU
245
_a
The Differentiated Classroom
_c
Carol.a
942
_2
udc
_c
BK
999
_c
52960
_d
52960